[Event "Santa Catarina-ch 64th "]
[Site "Lages"]
[Date "2020.02.16"]
[Round "5"]
[White "Filgueiras, Nathan Felipe"]
[Black "Schmitz, Erick Eduardo da Si"]
[Result "1-0"]
[WhiteElo "2309"]
[BlackElo "1653"]
[PlyCount "95"]
[EventDate "2020.02.14"]
[EventType "swiss"]
[EventRounds "6"]
[EventCountry "BRA"]
[SourceTitle "CBM 195 Extra"]
[Source "ChessBase"]
[SourceDate "2020.05.31"]
[SourceVersion "1"]
[SourceVersionDate "2020.05.31"]
[SourceQuality "1"]

1. e4 c5 2. Nf3 d6 3. d4 cxd4 4. Nxd4 Nf6 5. Nc3 a6 6. Bd3 e5 7. Nde2 Nbd7 8. 0-0 Be7 9. Ng3 Nc5 10. Be2 b5 11. Be3 b4 12. Nd5 Nxd5 13. exd5 f5 14. f4 e4 15. Bc4 Qc7 16. Bd4 0-0 17. Qe2 Bf6 18. Bxf6 Rxf6 19. a3 Qb6 20. Kh1 bxa3 21. b3 Qb4 22. Qe1 a5 23. Qc1 Ba6 24. Bxa6 Rxa6 25. Rxa3 Qb7 26. Qd2 Qb4 27. Qxb4 axb4 28. Rxa6 Nxa6 29. Ra1 Nc7 30. Ra5 Rf8 31. Kg1 g6 32. Ne2 Ra8 33. Rxa8+ Nxa8 34. Kf2 Nb6 35. c4 bxc3 36. Nxc3 Kf7 37. Ke3 Kf6 38. Kd4 g5 39. g3 gxf4 40. gxf4 Kg6 41. Nd1 Kh5 42. Ne3 Kg6 43. Kc3 Kh5 44. Kd4 Kg6 45. b4 Kf6 46. b5 Kg6 47. Nc4 Nc8 48. b6 1-0

[Event "Santa Catarina-ch 64th "]
[Site "Lages"]
[Date "2020.02.16"]
[Round "6"]
[White "Schmitz, Erick Eduardo da Si"]
[Black "Caetano, Ryan Wesley da Cost"]
[Result "1/2-1/2"]
[WhiteElo "1653"]
[BlackElo "2307"]
[PlyCount "45"]
[EventDate "2020.02.14"]
[EventType "swiss"]
[EventRounds "6"]
[EventCountry "BRA"]
[SourceTitle "CBM 195 Extra"]
[Source "ChessBase"]
[SourceDate "2020.05.31"]
[SourceVersion "1"]
[SourceVersionDate "2020.05.31"]
[SourceQuality "1"]

1. e4 c5 2. Nf3 d6 3. d4 cxd4 4. Nxd4 Nf6 5. Nc3 a6 6. f4 e5 7. Nf3 Qc7 8. a4 Be7 9. Bd3 0-0 10. 0-0 Nbd7 11. Qe1 exf4 12. Bxf4 Ne5 13. Nxe5 dxe5 14. Be3 Be6 15. a5 Qc6 16. Qg3 Kh8 17. Kh1 Bd6 18. Rxf6 gxf6 19. Qh4 Rg8 20. Qxf6+ Rg7 21. Bh6 Rag8 22. Bxg7+ Rxg7 23. Qd8+ 1/2-1/2

[Event "Santa Catarina-ch 64th "]
[Site "Lages"]
[Date "2020.02.15"]
[Round "3"]
[White "Leite, Gustavo De Paula"]
[Black "Schmitz, Erick Eduardo da Si"]
[Result "0-1"]
[WhiteElo "1537"]
[BlackElo "1653"]
[PlyCount "60"]
[EventDate "2020.02.14"]
[EventType "swiss"]
[EventRounds "6"]
[EventCountry "BRA"]
[SourceTitle "CBM 195 Extra"]
[Source "ChessBase"]
[SourceDate "2020.05.31"]
[SourceVersion "1"]
[SourceVersionDate "2020.05.31"]
[SourceQuality "1"]

1. b3 Nf6 2. d4 e6 3. Bb2 b6 4. Nc3 d5 5. Nf3 Bb7 6. e3 Nbd7 7. Bb5 a6 8. Bd3 Be7 9. Ne5 c5 10. Qf3 Qc7 11. g4 cxd4 12. Nxd7 dxc3 13. Nxf6+ gxf6 14. Bc1 0-0-0 15. 0-0 h5 16. e4 hxg4 17. Qg3 Bd6 18. f4 gxf3 19. Qxf3 Bc5+ 20. Rf2 Rdg8+ 21. Kf1 Bxf2 22. Qxf2 Rxh2 23. Qf4 Qxf4+ 24. Bxf4 Rh1+ 25. Ke2 Rxa1 26. exd5 exd5 27. Bf5+ Kd8 28. Bd6 Rxa2 29. Kd3 Bc8 30. Bh7 Rg7 0-1